Statistics for Lists of 3 #2

Click here to take the quiz!

General Stats

  • This quiz has been taken 32 times
  • The average score is 24 of 75

Answer Stats

Meaning or ExplanationList of 3% Correct
{look},
93%
For safety’s sake, do this at street corners and railroad crossings.{Stop},
93%
and {listen}
86%
As a real estate agent will tell you, these are the three most important factors in determining the desirability of a property. Also, the title of a British TV reality show (2000-present).{Location},
83%
and {large}
76%
{location},
76%
location
76%
{medium},
76%
Standard tee shirt sizes.{small},
76%
English translation of words attributed to Julius Caesar, describing the brief Battle of Zela (47 BCE). (“Veni, Vidi, Vici”)I {came},
72%
I {saw},
72%
I {conquered}
66%
& {Irene}
62%
The title of a 2000 American slapstick black comedy film directed by the Farrelly brothers and starring Jim Carrey and Renée Zellweger, about a Rhode Island state trooper who suffers a psychotic break.{Me},
62%
Myself
62%
{Action}!
55%
and/or {Harry}
48%
{Dick},
48%
If you were completely fooled by a deception, you fell for it …{hook},
48%
line
48%
A list of three names used as a placeholder for unspecified people. Preceded by “every,” it means “everyone.” Preceded by “any,” it means “anyone.”{Tom},
48%
and {Roll}
45%
and {sinker}
45%
{Camera}!
45%
The traditional series of cues the director gives to the members of a silent film crew at the beginning of a take.{Lights}!
45%
and {Automobiles}
41%
The title of a 1987 film directed by John Hughes and starring Steve Martin and John Candy, about an ad executive and a shower curtain ring salesman struggling to get home to Chicago in time for Thanksgiving.{Planes},
41%
{Rattle},
41%
The title of a Jesse Stone song, recorded in 1954 by blues shouter Big Joe Turner and covered in the same year by Bill Haley & His Comets, that sounds like what you might do with dice.{Shake},
41%
Trains
41%
and {everywhere}
31%
and {Steel}
31%
{Germs},
31%
Part of the title of Jared Diamond’s 1997 Pulitzer Prize-winning transdisciplinary book. The title’s “list of three” references the means by which European imperialism was enabled.{Guns},
31%
Idiomatic expression meaning in or to many different places; all over the place.{here},
31%
there
31%
and/& {Ours}
24%
Mine
24%
These types of accidents cause nearly 700 workplace fatalities per year in the U.S., and many more injuries.{slips},
24%
{trips},
24%
The title of a 1968 American family comedy-drama film directed by Melville Shavelson and starring Lucille Ball, Henry Fonda, and Van Johnson; and of its 2005 remake, directed by Raja Gosnell and starring Dennis Quaid and Rene Russo. The 1968 version is about the blended family formed by the marriage of a widow with 8 children to a widower with 10. In the 2005 version, the widower has 8 children and the widow has 4 biological and 6 adopted children.{Yours},
24%
and {falls}
21%
drink
21%
What we should do today, “… for tomorrow we die.”{Eat},
21%
and {be merry}
17%
and {Mouth}
14%
The title of a 1973 American TV film directed by Norman Panama and starring Karen Valentine and John Davidson; and of the 1967 book by Donald Bain, on which the film was based. The book, about the adventures of two lusty young airline stewardesses (now known as flight attendants), was originally published as an anecdotal autobiography, with the two main characters (Trudy Baker and Rachel Jones) given as its authors.{Coffee},
14%
Foot
14%
A common viral childhood disease.{Hand},
14%
or {Me}?
14%
Tea
14%
The three S’s on offer from shelters run by social services organizations that are also religious groups.{soup},
10%
and {Chain}
7%
and {sweet}
7%
and {the other}
7%
and {to the point}
7%
and {wherefores}
7%
{Ball},
7%
A jocular variant rephrasing of the Eagle, Globe, and Anchor emblem and insignia of the United States Marine Corps.{Bird},
7%
An idiomatic expression usually used dismissively in response to someone making repeated excuses; or used in regret over not having conducted oneself differently. In a different sequence, the title of a 2022 Taylor Swift song.{Could’ve},
7%
Cogent; concise; succinct.short
7%
should’ve
7%
{that},
7%
A wide range of actions, circumstances, characteristics, topics, or other items.{this},
7%
Three W’s that mean “all the underlying reasons.”{whats},
7%
{whys},
7%
{would’ve},
7%
and {salvation}
3%
and {sideways}
3%
{down},
3%
{lose},
3%
or {draw}
3%
{soap},
3%
A leadership style in which an individual not only manages their subordinates, but extends their influence with higher levels of management and with peers across functional and business unit boundaries.{up},
3%
Idiomatic expression meaning “whatever the outcome.”{win},
3%

Score Distribution

Percentile by Number Answered

Percent of People with Each Score

Your Score History

You have not taken this quiz